00657nam a2200241 a 4500001001300000003000900013005001700022008004100039020001000080082001800090100001800108245003200126260003800158300000900196500003500205505001000240650001900250700001800269902000800287942000700295952009800302999001500400nice12345678IN_TiNIC20260116012811.0050524s1942 newa grp 000 0 eng  ac10000a230.0954bAPP aAppasamy, A J aGospel and India`s Heritage aNew YorkbMacmillan Companyc1942 a272p aincludes index and biblioraphy2 aIndex aTheology-India1 aAppasamy, A J bSRS cBK 00104070aHMIbHMId2007-06-13g100.00l0o230.0954 APPp12091r2007-06-13w2026-01-16yEB c8420d8420